Normal view
MARC view
- Pastor, Manuel
Entry Personal Name
001 - CONTROL NUMBER
- control field: 42450
003 - CONTROL NUMBER IDENTIFIER
- control field: NUST
005 - DATE AND TIME OF LATEST TRANSACTION
- control field: 20210314132319.0
008 - FIXED-LENGTH DATA ELEMENTS
- fixed length control field: 210314|| aca||aabn | a|a d
040 ## - CATALOGING SOURCE
- Original cataloging agency: NUST
- Transcribing agency: NUST
100 ## - HEADING--PERSONAL NAME
- Personal name: Pastor, Manuel
670 ## - SOURCE DATA FOUND
- Source citation: Work cat.: (NUST): Paster, Manuel 42447, Numerical modelling in geomechanics /, 2004.
